| 000 | 01539cam a2200361 i 4500 | ||
|---|---|---|---|
| 001 | 41868 | ||
| 003 | Mx-PuUPA | ||
| 005 | 20240410103820.0 | ||
| 008 | 140415s2015 ve a fr 000 0 spa d | ||
| 020 | _a9789588871271 | ||
| 040 |
_aMx-PuUPA _bspa _cMx-PuUPA _dMx-PuUPA _erda |
||
| 041 | 1 |
_aspa _heng |
|
| 130 | 1 | 0 | _aHistology for pathologists. |
| 245 | 1 | 0 |
_aHistología para patólogos / _ceditor, Stacey E. Mills ; traducción, Luz Angela Torres |
| 250 | _aCuarta edición | ||
| 264 | 1 |
_aCaracas, Venezuela : _bAmolca, _c2015 |
|
| 300 |
_a2 volúmenes (paginación varía) : _bilustraciones (principalmente a color) ; _e29 cm |
||
| 336 |
_2rdacontent _atexto _btxt |
||
| 337 |
_2rdamedia _asin medio _bn |
||
| 338 |
_2rdacarrier _avolumen _bnc |
||
| 505 | 0 |
_atomo I. _tTejido cutáneo ; Glándula mamaria ; Sistema musculoesquelético : Sistema nervioso ; Cabeza y cuello ; Tórax y membranas serosas ; Tracto alimentario - |
|
| 505 | 0 |
_atomo II. _tSistema hematopoyético ; Tracto genitourinario ; Sistema genital femenino ; Endocrino. |
|
| 650 | 4 | _aHistología patológica | |
| 650 | 4 | _aHistología | |
| 650 | 4 | _aPatología | |
| 700 | 1 |
_aMills, Stacey E., _eeditor |
|
| 700 | 1 |
_aTorres, Luz Angela, _etraductor |
|
| 765 | 0 | 8 |
_aMills, Stacey E., _dPhiladelphia, PA. : Lippincott Williams & Wilkins, ©2012 _tHistology for pathologists. _z9781451113037 |
| 942 |
_2ddc _cLI _iH6735 _h611.018 |
||
| 999 |
_c41868 _d41868 |
||